Hacia una intervención profesional crítica en trabajo social.
Saved in:
| Hovedforfatter: | |
|---|---|
| Format: | Ukendt |
| Udgivet: |
Ciudad Autónoma de Buenos Aires, Argentina:
Espacio,
2012.
|
| Udgivelse: | 1a ed. |
| Serier: | Ciencias Sociales
|
| Fag: | |
| Tags: |
Tilføj Tag
Ingen Tags, Vær først til at tagge denne postø!
|
MARC
| LEADER | 00000 a2200000 4500 | ||
|---|---|---|---|
| 003 | CL-VaPUC | ||
| 005 | 20230111172029.0 | ||
| 008 | 221219t2012 ||||| |||| 00| 0 eng d | ||
| 999 | |c 439084 |d 439082 | ||
| 020 | |a 978-950-802-353-7 | ||
| 040 | |c Pontificia Universidad Católica de Valparaíso | ||
| 082 | |a 361.3 MOL 2012 | ||
| 100 | |a Molina Molina, María Lorena |9 877403 |e autora | ||
| 245 | |a Hacia una intervención profesional crítica en trabajo social. | ||
| 250 | |a 1a ed. | ||
| 260 | |a Ciudad Autónoma de Buenos Aires, Argentina: |b Espacio, |c 2012. | ||
| 300 | |a 255 páginas. | ||
| 490 | |a Ciencias Sociales | ||
| 583 | |k GC |c 20221219 | ||
| 650 | |a Trabajo social |x Pensamiento crítico |9 879581 | ||
| 650 | |a Trabajo social |z América latina |9 879582 | ||
| 942 | |2 ddc |c BK | ||
| 952 | |0 0 |1 0 |2 ddc |4 0 |6 361_300000000000000_MOL_2012 |7 0 |8 A |9 588325 |a BIBGIM |b BIBGIM |c GEN |d 2022-12-19 |e 3 |g 14633.00 |i 5656113 |o 361.3 MOL 2012 |p 5656113 |r 2025-01-15 |t 1 |v 14633.00 |w 2022-12-19 |y BK |k SSL | ||
| 952 | |0 0 |1 0 |2 ddc |4 0 |6 361_300000000000000_MOL_2012 |7 0 |8 A |9 588326 |a BIBGIM |b BIBGIM |c GEN |d 2022-12-19 |e 3 |g 14633.00 |i 5656115 |l 3 |o 361.3 MOL 2012 |p 5656115 |r 2025-01-15 |s 2023-05-03 |t 3 |v 14633.00 |w 2022-12-19 |y BK |k SSL | ||
| 952 | |0 0 |1 0 |2 ddc |4 0 |6 361_300000000000000_MOL_2012 |7 0 |8 A |9 588327 |a BIBGIM |b BIBGIM |c GEN |d 2022-12-19 |e 3 |g 14633.00 |i 5656114 |o 361.3 MOL 2012 |p 5656114 |r 2025-01-15 |t 2 |v 14633.00 |w 2022-12-19 |y BK |k SSL | ||